[Event "Rated Blitz game"]
[Site "?"]
[Date "2021.01.07"]
[Round "?"]
[White "ivan1414"]
[Black "Jomajo"]
[Result "1-0"]
[WhiteElo "2453"]
[BlackElo "2623"]
[PlyCount "55"]
[EventDate "2021.??.??"]
[EventType "blitz"]

1. e4 e5 2. Nf3 d5 3. exd5 e4 4. Ne5 Qxd5 5. d4 exd3 6. Nxd3 Nc6 7. Nc3 Qa5 8.
Be2 Nf6 9. O-O Bd6 10. Bf3 O-O 11. a3 Rd8 12. Qe1 Nd4 13. Bd1 Bf5 14. Be3 Bxd3
15. cxd3 Nf5 16. d4 c5 17. d5 c4 18. Bc2 Nxe3 19. fxe3 Qb6 20. Rxf6 gxf6 21.
Qh4 Qxe3+ 22. Kh1 Be5 23. Qxh7+ Kf8 24. d6 Bxd6 25. Qh8+ Ke7 26. Nd5+ Ke6 27.
Qxd8 Qh6 28. Bf5+ {Normal} 1-0

[Event "Rated Blitz tournament CZrq4KUn"]
[Site "?"]
[Date "2021.01.07"]
[Round "?"]
[White "behzad200"]
[Black "Stoichess"]
[Result "0-1"]
[WhiteElo "2317"]
[BlackElo "2551"]
[PlyCount "42"]
[EventDate "2021.??.??"]
[EventType "blitz"]

1. e4 e5 2. Nf3 d5 3. exd5 Bd6 4. d4 e4 5. Ne5 Nf6 6. c4 c5 7. f4 exf3 8. Nxf3
O-O 9. Be2 Re8 10. O-O Bg4 11. h3 Bxf3 12. Bxf3 Nbd7 13. dxc5 Nxc5 14. Nc3 Qb6
15. Kh1 a6 16. Na4 Nxa4 17. Qxa4 Qd4 18. Bg5 Qe5 19. Bf4 Qxf4 20. Kg1 Qh2+ 21.
Kf2 Bg3# {Normal} 0-1

[Event "Rated Blitz game"]
[Site "?"]
[Date "2021.01.07"]
[Round "?"]
[White "Garnik95"]
[Black "vitalirapidbel"]
[Result "1/2-1/2"]
[WhiteElo "2347"]
[BlackElo "2405"]
[PlyCount "78"]
[EventDate "2021.??.??"]
[EventType "blitz"]

1. e4 e5 2. Nf3 d5 3. Nxe5 dxe4 4. d4 Nd7 5. Nc3 Ngf6 6. Bg5 Be7 7. Bc4 O-O 8.
Qe2 c6 9. O-O-O Nb6 10. Nxf7 Rxf7 11. Bxf7+ Kxf7 12. Nxe4 Nxe4 13. Bxe7 Qxe7
14. Rhe1 Qg5+ 15. f4 Qxf4+ 16. Kb1 Nf6 17. Qe7+ Kg6 18. Rd3 Bg4 19. Qxb7 Re8
20. Rc1 Qd6 21. h3 Bf5 22. Rc3 Re6 23. g4 Be4 24. g5 Nfd5 25. Rb3 Re7 26. Qa6
Nb4 27. Qa3 Bxc2+ 28. Rxc2 Re1+ 29. Rc1 Rxc1+ 30. Kxc1 a5 31. Qxa5 N6d5 32. a3
Qf4+ 33. Kd1 Qxd4+ 34. Kc1 Qf4+ 35. Kd1 Qf1+ 36. Kd2 Qf2+ 37. Kd1 Qf1+ 38. Kd2
Qf4+ 39. Kd1 Qf1+ {Normal} 1/2-1/2

[Event "Rated Blitz game"]
[Site "?"]
[Date "2021.01.07"]
[Round "?"]
[White "babageldi2277"]
[Black "Jomajo"]
[Result "0-1"]
[WhiteElo "2458"]
[BlackElo "2616"]
[PlyCount "114"]
[EventDate "2021.??.??"]
[EventType "blitz"]

1. e4 e5 2. Nf3 d5 3. d4 dxe4 4. Nxe5 Bd6 5. Nc4 Nf6 6. Nxd6+ Qxd6 7. Be3 O-O
8. Nd2 Nd5 9. Nc4 Qe7 10. c3 f5 11. g3 f4 12. gxf4 Nxf4 13. Qb3 Be6 14. Qxb7
Bd5 15. Qb3 Nc6 16. Qa3 Qf7 17. Ne5 Nxe5 18. dxe5 Qe6 19. O-O-O Bxa2 20. Qc5
Rab8 21. b4 Qb3 22. Rd4 Ne6 23. Bc4 Qb1+ 24. Kd2 Qb2+ 25. Ke1 Kh8 26. Bxe6 Bxe6
27. Rg1 Rf7 28. Rd2 Qb3 29. Qxa7 Rbf8 30. Qd4 Bc4 31. Rd1 Bd3 32. e6 Qxe6 33.
Rxd3 exd3 34. Qxd3 Rd7 35. Qe2 Kg8 36. Bd4 Re8 37. Qxe6+ Rxe6+ 38. Kd2 g6 39.
Kd3 Rde7 40. Kc4 Kf7 41. Rg3 Re4 42. Rf3+ Ke8 43. b5 Rh4 44. h3 Rhe4 45. Kd5
Re1 46. Kc4 Kd7 47. Rf6 R1e6 48. Rf3 Re4 49. Rf6 Kc8 50. Rf3 Kb7 51. Kc5 h5 52.
Kc4 g5 53. Rf5 g4 54. hxg4 h4 55. Rh5 Rxg4 56. f3 Rf4 57. Rh6 Rxd4+ {Time
forfeit} 0-1

[Event "Rated Blitz game"]
[Site "?"]
[Date "2021.01.07"]
[Round "?"]
[White "Orian21"]
[Black "vitalirapid2021"]
[Result "1/2-1/2"]
[WhiteElo "2349"]
[BlackElo "2400"]
[PlyCount "130"]
[EventDate "2021.??.??"]
[EventType "blitz"]

1. e4 e5 2. Nf3 d5 3. exd5 e4 4. Nd4 Qxd5 5. Nb3 Nf6 6. Nc3 Qd8 7. Bc4 Bg4 8.
Be2 Bf5 9. O-O Be7 10. f3 O-O 11. fxe4 Bxe4 12. Nxe4 Nxe4 13. d3 Nc5 14. Nxc5
Bxc5+ 15. Kh1 Nc6 16. Bf4 Nd4 17. Bf3 Ne6 18. Bg3 c6 19. c3 Bd6 20. Bf2 Qf6 21.
d4 Qh6 22. Bg1 Rad8 23. Qc1 Bf4 24. Qc2 Ng5 25. Qf5 Nxf3 26. Rxf3 Bc7 27. Raf1
Rd5 28. Qd3 Rh5 29. h3 Qg6 30. Qxg6 hxg6 31. Re3 Bd6 32. Rfe1 Rf5 33. Bh2 Bxh2
34. Kxh2 Rf2 35. R1e2 Rxe2 36. Rxe2 f6 37. Kg3 Rf7 38. Kf4 Rd7 39. g4 Kf7 40.
Ke4 Re7+ 41. Kf3 Rxe2 42. Kxe2 Ke6 43. Kf3 f5 44. Kf4 Kf6 45. gxf5 gxf5 46. h4
g6 47. c4 b6 48. d5 cxd5 49. cxd5 b5 50. b4 a6 51. a3 Ke7 52. Kg5 Kd6 53. Kxg6
f4 54. h5 f3 55. h6 f2 56. h7 f1=Q 57. h8=Q Qg2+ 58. Kf7 Qxd5+ 59. Kg6 Qg2+ 60.
Kf7 Qd5+ 61. Kg6 Qg2+ 62. Kf5 Qf3+ 63. Kg5 Qg3+ 64. Kf5 Qf3+ 65. Kg6 Qg2+ {
Normal} 1/2-1/2

[Event "Rated Blitz game"]
[Site "?"]
[Date "2021.01.07"]
[Round "?"]
[White "madcap_tr"]
[Black "Fantastic_power06"]
[Result "0-1"]
[WhiteElo "2443"]
[BlackElo "2645"]
[PlyCount "63"]
[EventDate "2021.??.??"]
[EventType "blitz"]

1. e4 e5 2. Nf3 d5 3. Nc3 dxe4 4. Nxe4 f5 5. Nxe5 Qd4 6. Qh5+ g6 7. Nxg6 Qxe4+
8. Be2 Nf6 9. Qg5 hxg6 10. Qxf6 Rg8 11. d3 Qe7 12. Qc3 Qb4 13. Bd2 Qxc3 14.
Bxc3 Nc6 15. O-O-O Be6 16. Bf3 O-O-O 17. d4 Bh6+ 18. Kb1 Bd5 19. Bxd5 Rxd5 20.
Rhe1 Rgd8 21. g3 Bg7 22. Re6 R5d6 23. Rxd6 Rxd6 24. d5 Bxc3 25. bxc3 Ne7 26. c4
c6 27. Re1 Kd8 28. h4 cxd5 29. c5 Rc6 30. Kc1 Kd7 31. Kd2 Rxc5 32. Kd3 {Normal}
0-1

[Event "Rated Blitz game"]
[Site "?"]
[Date "2021.01.07"]
[Round "?"]
[White "ElhachaGM"]
[Black "Jomajo"]
[Result "1-0"]
[WhiteElo "2559"]
[BlackElo "2629"]
[PlyCount "37"]
[EventDate "2021.??.??"]
[EventType "blitz"]

1. e4 e5 2. Nf3 d5 3. exd5 e4 4. Qe2 Qe7 5. Nd4 Qe5 6. Nb5 a6 7. d4 Qe7 8. N5c3
f5 9. f3 exf3 10. Qxe7+ Bxe7 11. gxf3 Bh4+ 12. Kd1 Nf6 13. Bf4 c6 14. Bc4 b5
15. Bb3 b4 16. Na4 Nxd5 17. Bxd5 cxd5 18. Nb6 Ra7 19. Nxc8 {Normal} 1-0

[Event "Rated Rapid game"]
[Site "?"]
[Date "2021.01.07"]
[Round "?"]
[White "EckhardSchmittdiel"]
[Black "vitalirapidbel"]
[Result "1-0"]
[WhiteElo "2406"]
[BlackElo "2439"]
[PlyCount "63"]
[EventDate "2021.??.??"]
[EventType "rapid"]

1. e4 e5 2. Nf3 d5 3. exd5 e4 4. Qe2 Be7 5. Qxe4 Nf6 6. Qa4+ c6 7. dxc6 O-O 8.
cxb7 Bxb7 9. Be2 Re8 10. O-O Bd6 11. Bd1 Nbd7 12. d3 Qc7 13. Nbd2 Re6 14. Qc4
Nc5 15. Qh4 Rae8 16. Nc4 h6 17. Nxd6 Qxd6 18. Bf4 Qb6 19. Be3 Qc6 20. Qh3 Qd5
21. Nd2 Na4 22. Bf3 Qd7 23. Bxb7 Qxb7 24. Nc4 Nd5 25. Rae1 Rg6 26. Bd2 Rxe1 27.
Rxe1 Nab6 28. Nxb6 axb6 29. c4 Ne7 30. Bc3 Nf5 31. Re4 Kh7 32. Qxf5 {Normal}
1-0

[Event "Rated Blitz game"]
[Site "?"]
[Date "2021.01.07"]
[Round "?"]
[White "retrostail"]
[Black "vitalirapidbel"]
[Result "1-0"]
[WhiteElo "2440"]
[BlackElo "2344"]
[PlyCount "65"]
[EventDate "2021.??.??"]
[EventType "blitz"]

1. e4 e5 2. Nf3 d5 3. Nxe5 dxe4 4. Bc4 Nh6 5. d4 Nd7 6. Nxd7 Qxd7 7. Bxh6 gxh6
8. O-O Bg7 9. c3 O-O 10. Nd2 Qe7 11. Re1 Bf5 12. Qh5 Bg6 13. Qb5 c6 14. Qb3 Kh8
15. Re3 f5 16. Rae1 Rad8 17. f3 Qh4 18. fxe4 fxe4 19. Nxe4 Bxe4 20. Rxe4 Qf2+
21. Kh1 b5 22. Bd3 Rd7 23. Qc2 Qxc2 24. Bxc2 Rdf7 25. h3 Rf2 26. R1e2 Rxe2 27.
Rxe2 Bf6 28. Be4 Rc8 29. Bf3 c5 30. d5 Kg7 31. g3 Kf7 32. Kg2 Re8 33. Bh5+ {
Normal} 1-0

[Event "Rated Blitz game"]
[Site "?"]
[Date "2021.01.07"]
[Round "?"]
[White "morischwilli"]
[Black "Lorian2514"]
[Result "1-0"]
[WhiteElo "2517"]
[BlackElo "2366"]
[PlyCount "107"]
[EventDate "2021.??.??"]
[EventType "blitz"]

1. e4 e5 2. Nf3 d5 3. Nxe5 Bd6 4. d4 dxe4 5. Nc3 Nf6 6. Bc4 O-O 7. O-O h6 8.
Re1 Bf5 9. Bf4 Nc6 10. Bg3 a6 11. a4 Bb4 12. Nxc6 bxc6 13. Be5 Re8 14. f3 exf3
15. Qxf3 Bxc2 16. Qxc6 Rxe5 17. dxe5 Qd4+ 18. Kh1 Ng4 19. Qxa8+ Kh7 20. h3 Nf2+
21. Kh2 Qxc4 22. Qf3 Nd3 23. Qe4+ Qxe4 24. Rxe4 Ba5 25. Re2 Bb3 26. Rd2 Nxe5
27. Re2 f6 28. Rae1 c6 29. g3 Nf3+ 30. Kg2 Nxe1+ 31. Rxe1 Bxa4 32. Ra1 Bxc3 33.
bxc3 Bb5 34. Kf3 g5 35. Ke3 c5 36. Ke4 Kg6 37. Kd5 c4 38. g4 h5 39. Ke6 h4 40.
Kd5 Kf7 41. Re1 Kg6 42. Re7 a5 43. Kc5 Ba4 44. Kxc4 Bd1 45. Re1 Bf3 46. Re3 Bd1
47. Kb5 a4 48. Kb4 Bb3 49. c4 Kf7 50. c5 f5 51. gxf5 Kf6 52. c6 Kxf5 53. c7 Kf4
54. Re1 {Normal} 1-0

[Event "Rated Blitz game"]
[Site "?"]
[Date "2021.01.07"]
[Round "?"]
[White "DVRazor"]
[Black "Schachelite"]
[Result "0-1"]
[WhiteElo "2426"]
[BlackElo "2367"]
[PlyCount "62"]
[EventDate "2021.??.??"]
[EventType "blitz"]

1. e4 e5 2. Nf3 d5 3. exd5 e4 4. Qe2 Nf6 5. d3 Qxd5 6. Nbd2 Be6 7. Nxe4 Be7 8.
Nc3 Qa5 9. Nd4 Bg4 10. f3 Bd7 11. Nb3 Qh5 12. f4 Bg4 13. Qe5 Nc6 14. Qxh5 Bxh5
15. h3 Bg6 16. g4 h5 17. f5 Bh7 18. Be2 O-O-O 19. Bf4 Rhe8 20. O-O-O Bb4 21.
Bf3 Bxc3 22. bxc3 Nd5 23. Bxd5 Rxd5 24. c4 Rdd8 25. Rhe1 g6 26. f6 hxg4 27.
hxg4 g5 28. Bxg5 Ne5 29. Rh1 Bg6 30. Rh4 Nf3 31. Rh5 Bxh5 {Normal} 0-1

[Event "Rated Blitz tournament CZrq4KUn"]
[Site "?"]
[Date "2021.01.07"]
[Round "?"]
[White "Shah-gulyi"]
[Black "Maltinho"]
[Result "0-1"]
[WhiteElo "2303"]
[BlackElo "2506"]
[PlyCount "76"]
[EventDate "2021.??.??"]
[EventType "blitz"]

1. e4 e5 2. Nf3 d5 3. Nxe5 Bd6 4. d4 dxe4 5. Bc4 Bxe5 6. Qh5 Qe7 7. dxe5 Nc6 8.
Bf4 g6 9. Qe2 Nxe5 10. Bxe5 Qxe5 11. Nc3 Nf6 12. O-O-O O-O 13. Rhe1 Re8 14. Kb1
c6 15. f3 b5 16. Bb3 a5 17. a4 Bf5 18. Nxe4 Bxe4 19. fxe4 bxa4 20. Bxa4 Rab8
21. b3 Nxe4 22. Rd3 Nc3+ 23. Rxc3 Qxe2 24. Rxe2 Rxe2 25. Bxc6 Rc8 26. Rc4 Kg7
27. Kb2 f5 28. Bf3 Rxc4 29. bxc4 Re5 30. Kc3 g5 31. Kd4 Kf6 32. c5 a4 33. c6 a3
34. c7 Re8 35. Kc3 Rc8 36. Kb3 Rxc7 37. Bd1 Ra7 38. Ka2 Ke5 {Normal} 0-1

[Event "Rated Blitz tournament CZrq4KUn"]
[Site "?"]
[Date "2021.01.07"]
[Round "?"]
[White "markos_math"]
[Black "Stoichess"]
[Result "1/2-1/2"]
[WhiteElo "2523"]
[BlackElo "2553"]
[PlyCount "219"]
[EventDate "2021.??.??"]
[EventType "blitz"]

1. e4 e5 2. Nf3 d5 3. exd5 Bd6 4. d4 e4 5. Ne5 Nf6 6. Bb5+ c6 7. dxc6 bxc6 8.
Be2 O-O 9. Bf4 Nd5 10. Bc1 e3 11. fxe3 Bxe5 12. dxe5 Qg5 13. O-O Nxe3 14. Bxe3
Qxe3+ 15. Kh1 Qxe5 16. Nc3 Be6 17. Bf3 Na6 18. Bxc6 Rab8 19. Rb1 Nb4 20. Bf3
Nxa2 21. Nxa2 Bxa2 22. Re1 Qf6 23. Ra1 Qxb2 24. Qe2 g6 25. h3 Rfc8 26. Be4 Bc4
27. Qf3 a6 28. Bd5 Bxd5 29. Qxd5 Rxc2 30. Rxa6 Rd2 31. Qe4 Rf2 32. Ra8 Rxa8 33.
Qxa8+ Kg7 34. Qe4 h5 35. Qe5+ Qxe5 36. Rxe5 Ra2 37. Kh2 Rb2 38. Kg3 Ra2 39. Rb5
Rc2 40. Ra5 Rb2 41. Rc5 Ra2 42. Rb5 f6 43. Rb6 g5 44. Rc6 Kg6 45. Rb6 Ra3+ 46.
Kf2 Ra2+ 47. Kg3 Ra5 48. Rc6 Kf5 49. Rc3 h4+ 50. Kh2 Ra4 51. Rb3 Rc4 52. Ra3
Ke5 53. Rf3 f5 54. Ra3 Ke4 55. Rf3 Rc2 56. Kg1 Rc1+ 57. Kh2 g4 58. hxg4 fxg4
59. Ra3 Rc4 60. Ra1 Kf4 61. Rf1+ Kg5 62. Rd1 Rc5 63. Ra1 Rb5 64. Rc1 Kf5 65.
Rf1+ Kg5 66. Rc1 Rb4 67. Rd1 Kf4 68. Rf1+ Ke3 69. Ra1 Rb2 70. Kg1 Rd2 71. Rf1
Re2 72. Ra1 Kf4 73. Ra4+ Re4 74. Ra1 Re3 75. Kh2 Re2 76. Kg1 Kg3 77. Ra3+ Kf4
78. g3+ hxg3 79. Rb3 Re3 80. Rb1 Kf3 81. Rf1+ Ke2 82. Ra1 Kf3 83. Rf1+ Ke4 84.
Kg2 Rd3 85. Re1+ Kf4 86. Rf1+ Kg5 87. Ra1 Rf3 88. Ra8 Rf2+ 89. Kxg3 Rf3+ 90.
Kg2 Rb3 91. Ra1 Rb2+ 92. Kg1 Rb3 93. Kg2 Rb2+ 94. Kg1 Kh4 95. Ra3 Re2 96. Rb3
Ra2 97. Rc3 Kg5 98. Rb3 Re2 99. Rc3 Kf4 100. Rb3 Rc2 101. Ra3 Kg5 102. Rb3 Kh4
103. Ra3 g3 104. Ra8 Kh3 105. Rh8+ Kg4 106. Rg8+ Kf3 107. Rf8+ Kg4 108. Rg8+
Kf3 109. Rf8+ Kg4 110. Rg8+ {Normal} 1/2-1/2

[Event "Rated Blitz game"]
[Site "?"]
[Date "2021.01.07"]
[Round "?"]
[White "molinov"]
[Black "om_gendut"]
[Result "1-0"]
[WhiteElo "2396"]
[BlackElo "2410"]
[PlyCount "103"]
[EventDate "2021.??.??"]
[EventType "blitz"]

1. e4 e5 2. Nf3 d5 3. exd5 e4 4. Ne5 Qxd5 5. d4 exd3 6. Nxd3 Nf6 7. Nc3 Qe6+ 8.
Be2 Bd6 9. Bf4 O-O 10. Bxd6 Qxd6 11. Qd2 Nc6 12. O-O-O Bf5 13. Kb1 Rad8 14. Qg5
Bg6 15. Nf4 Qb4 16. Nxg6 hxg6 17. a3 Qa5 18. Qxa5 Nxa5 19. Bf3 c6 20. b3 Rfe8
21. Rxd8 Rxd8 22. Rd1 Rxd1+ 23. Nxd1 Kf8 24. Kb2 Ke7 25. Ne3 Kd6 26. b4 b5 27.
bxa5 Nd7 28. c4 a6 29. cxb5 cxb5 30. Nc2 Nc5 31. Nb4 Ke5 32. Kc3 Kd6 33. Bd5 f6
34. Bf7 g5 35. Bh5 Kc7 36. Bf3 Kd6 37. Kd4 Ne6+ 38. Ke3 Nc5 39. g3 Ke5 40. h4
gxh4 41. gxh4 Kd6 42. Bg4 Ke5 43. Bc8 Nb3 44. Bxa6 Nxa5 45. Bxb5 Kd6 46. a4 Kc5
47. Nd3+ Kb6 48. Kf4 Nb3 49. Kf5 Nd4+ 50. Kg6 Ne6 51. Kf7 g5 52. h5 {Normal}
1-0

[Event "Rated Blitz tournament CZrq4KUn"]
[Site "?"]
[Date "2021.01.07"]
[Round "?"]
[White "Fairplay2020"]
[Black "Maltinho"]
[Result "1-0"]
[WhiteElo "2770"]
[BlackElo "2533"]
[PlyCount "85"]
[EventDate "2021.??.??"]
[EventType "blitz"]

1. e4 e5 2. Nf3 d5 3. Nxe5 Bd6 4. d4 dxe4 5. Nc3 Bxe5 6. dxe5 Qxd1+ 7. Nxd1 Nc6
8. Bf4 Bf5 9. Ne3 Bg6 10. Bb5 Nge7 11. O-O-O a6 12. Ba4 Rd8 13. e6 Rc8 14.
exf7+ Bxf7 15. Rhe1 O-O 16. Bg3 b5 17. Bb3 Bxb3 18. axb3 Rf7 19. Rd7 Ng6 20.
Rxf7 Kxf7 21. Nd5 Nd4 22. Rxe4 Nf5 23. Bxc7 Nge7 24. Nxe7 Nxe7 25. Bd6 Nf5 26.
Be5 g6 27. c4 Ne7 28. Kc2 Nc6 29. Bd6 Rd8 30. c5 Kf6 31. Kd3 Na5 32. Kc3 Nc6
33. Re1 h5 34. g3 g5 35. f3 Kf5 36. h3 h4 37. g4+ Kf6 38. Re4 a5 39. Kd3 Nb4+
40. Ke3 Nd5+ 41. Kf2 Rc8 42. Re5 Rxc5 43. Rf5+ {Normal} 1-0

[Event "Rated Blitz game"]
[Site "?"]
[Date "2021.01.07"]
[Round "?"]
[White "ElhachaGM"]
[Black "Jomajo"]
[Result "1-0"]
[WhiteElo "2566"]
[BlackElo "2622"]
[PlyCount "73"]
[EventDate "2021.??.??"]
[EventType "blitz"]

1. e4 e5 2. Nf3 d5 3. exd5 e4 4. Qe2 Qe7 5. Nd4 Qe5 6. Nb5 a6 7. d4 Qe7 8. N5c3
f5 9. f3 exf3 10. gxf3 Nf6 11. Bf4 c6 12. Qxe7+ Bxe7 13. d6 Bf8 14. Bc4 Kd7 15.
Na4 Kd8 16. Nb6 Ra7 17. Nc3 Nbd7 18. Nca4 h6 19. O-O-O Ne8 20. d5 Bxd6 21. Bxd6
Nxd6 22. dxc6 Nxb6 23. Nxb6 Kc7 24. Nxc8 Rxc8 25. cxb7 Nxb7 26. Be6 Re8 27.
Rd7+ Kc6 28. Bxf5 g6 29. Bh3 Re2 30. Rhd1 Rxh2 31. Be6 Re2 32. Bb3 Kb6 33. Rg7
Rg2 34. Rdd7 h5 35. Bd5 h4 36. b4 Nd6 37. Rxd6+ {Normal} 1-0

[Event "Rated Blitz game"]
[Site "?"]
[Date "2021.01.07"]
[Round "?"]
[White "Creep30"]
[Black "Jomajo"]
[Result "1-0"]
[WhiteElo "2768"]
[BlackElo "2600"]
[PlyCount "25"]
[EventDate "2021.??.??"]
[EventType "blitz"]

1. e4 e5 2. Nf3 d5 3. d4 dxe4 4. Nxe5 Bd6 5. Bc4 Bxe5 6. Qh5 Qf6 7. dxe5 Qg6 8.
Qxg6 hxg6 9. Nc3 Nc6 10. Nd5 Kd8 11. Bg5+ Nge7 12. O-O-O Bd7 13. Nxe7 {Normal}
1-0

[Event "Rated Blitz game"]
[Site "?"]
[Date "2021.01.07"]
[Round "?"]
[White "Creep30"]
[Black "Jomajo"]
[Result "1-0"]
[WhiteElo "2786"]
[BlackElo "2582"]
[PlyCount "47"]
[EventDate "2021.??.??"]
[EventType "blitz"]

1. e4 e5 2. Nf3 d5 3. d4 dxe4 4. Nxe5 Bd6 5. Bc4 Bxe5 6. Qh5 Qe7 7. dxe5 Be6 8.
Bb5+ c6 9. Be2 Nd7 10. Nc3 g6 11. Qg5 Bd5 12. Qg3 Nxe5 13. Bf4 Nd7 14. O-O-O
Ngf6 15. Bg5 h6 16. Qh4 Rh7 17. Nxd5 cxd5 18. Be3 a6 19. Bd4 Qe6 20. Rhe1 O-O-O
21. Kb1 Kb8 22. f3 Ka8 23. fxe4 dxe4 24. Bxf6 {Normal} 1-0

[Event "Rated Rapid tournament SmBOJeiE"]
[Site "?"]
[Date "2021.01.07"]
[Round "?"]
[White "FOOTCHESSPLAYER"]
[Black "Khabichess"]
[Result "1-0"]
[WhiteElo "2465"]
[BlackElo "2214"]
[PlyCount "59"]
[EventDate "2021.??.??"]
[EventType "rapid"]

1. e4 e5 2. Nf3 d5 3. exd5 Bd6 4. Nc3 Nf6 5. Bb5+ c6 6. dxc6 bxc6 7. Bc4 Bg4 8.
h3 Bh5 9. g4 Bg6 10. d3 O-O 11. Bd2 Nbd7 12. Qe2 Rb8 13. O-O-O Qb6 14. Bb3 Nd5
15. Kb1 Kh8 16. h4 f6 17. Ne4 Be7 18. Rdg1 a5 19. h5 Bxe4 20. dxe4 a4 21. exd5
axb3 22. cxb3 cxd5 23. g5 e4 24. g6 h6 25. Bxh6 Qb5 26. Bxg7+ Kxg7 27. h6+ Kg8
28. h7+ Kg7 29. Qxb5 Rxb5 30. Nd4 {Normal} 1-0

[Event "Rated Classical game"]
[Site "?"]
[Date "2021.01.07"]
[Round "?"]
[White "halfnatty"]
[Black "Burboa"]
[Result "1/2-1/2"]
[WhiteElo "2720"]
[BlackElo "2416"]
[PlyCount "86"]
[EventDate "2021.??.??"]

1. e4 e5 2. Nf3 d5 3. exd5 e4 4. Qe2 Qe7 5. Nd4 Nf6 6. Nc3 a6 7. d3 Bg4 8. Qe3
exd3 9. Bxd3 Nbd7 10. h3 Bh5 11. f4 h6 12. g4 Bg6 13. Bxg6 fxg6 14. Ne6 Kf7 15.
g5 Ne8 16. Bd2 Nd6 17. O-O-O Nc4 18. Qd4 Qb4 19. Ne4 Nxd2 20. Rxd2 Qxd4 21.
Rxd4 Rc8 22. Rf1 hxg5 23. fxg5+ Kg8 24. Rf3 Bd6 25. Rd1 Rh4 26. Nxd6 cxd6 27.
b3 Re4 28. Rf2 b5 29. Kb2 a5 30. a3 a4 31. Rd3 Nb6 32. Rfd2 b4 33. axb4 Rxb4
34. Ka3 axb3 35. Kxb4 bxc2 36. Rxc2 Rxc2 37. Kb5 Nd7 38. Ra3 Rd2 39. Ra7 Ne5
40. Ra8+ Kf7 41. Ra7+ Kg8 42. Ra8+ Kf7 43. Ra7+ Kg8 {Normal} 1/2-1/2

[Event "Rated Blitz tournament 8fOQwmAL"]
[Site "?"]
[Date "2021.01.07"]
[Round "?"]
[White "UnFouFurieux"]
[Black "DARIO31CSKA"]
[Result "1-0"]
[WhiteElo "2364"]
[BlackElo "2421"]
[PlyCount "93"]
[EventDate "2021.??.??"]
[EventType "blitz"]

1. e4 e5 2. Nf3 d5 3. Nc3 dxe4 4. Nxe5 Bd6 5. Nc4 Nf6 6. Nxd6+ Qxd6 7. Bc4 O-O
8. O-O Ng4 9. g3 Qh6 10. h4 g5 11. Be2 gxh4 12. Bxg4 hxg3 13. fxg3 Qg7 14. Bxc8
Qxg3+ 15. Kh1 Qh4+ 16. Kg2 Rxc8 17. Rf5 Kh8 18. Qh5 Rg8+ 19. Kf1 Qg3 20. Ne2
Qg2+ 21. Ke1 Nc6 22. b4 f6 23. Bb2 Rgf8 24. Bxf6+ Rxf6 25. Rxf6 Qg7 26. Rf7
Qxa1+ 27. Kf2 Qg7 28. Rxg7 Kxg7 29. Qg4+ Kf8 30. Qf4+ Ke8 31. Qxe4+ Kd7 32.
Qxh7+ Kd6 33. Qh6+ Kd7 34. c3 Rf8+ 35. Ke1 Re8 36. Kd1 Kc8 37. Nd4 Ne5 38. Qh7
Nc4 39. Qd3 b5 40. Qh3+ Kb7 41. Nxb5 Rd8 42. Nd4 Nb2+ 43. Kc2 Nc4 44. Qg2+ c6
45. Nb3 Nd6 46. Nc5+ Kb6 47. Ne6 {Time forfeit} 1-0

[Event "Rated Blitz game"]
[Site "?"]
[Date "2021.01.07"]
[Round "?"]
[White "Fimading"]
[Black "Jomajo"]
[Result "1-0"]
[WhiteElo "2476"]
[BlackElo "2596"]
[PlyCount "77"]
[EventDate "2021.??.??"]
[EventType "blitz"]

1. e4 e5 2. Nf3 d5 3. exd5 e4 4. Ne5 Qxd5 5. d4 exd3 6. Nxd3 Nc6 7. Nc3 Qa5 8.
Bf4 Nf6 9. Qe2+ Be7 10. Ne5 O-O 11. Nc4 Qa6 12. O-O-O Bb4 13. Ne5 Qa5 14. Nc4
Qf5 15. Bxc7 Bxc3 16. bxc3 Be6 17. f3 Rfc8 18. Nd6 Qc5 19. Nxc8 Qa3+ 20. Kd2
Rxc8 21. Bf4 Nd5 22. Be5 Nxe5 23. Qxe5 Rxc3 24. Bd3 Rc8 25. Rb1 Qa5+ 26. Kc1 b6
27. Re1 g6 28. Rb5 Qa3+ 29. Kd2 Nc3 30. Rb3 Bxb3 31. axb3 Qb4 32. Kc1 a5 33.
Qf6 a4 34. Re7 Rf8 35. Bc4 Ne2+ 36. Bxe2 a3 37. Bc4 Qxc4 38. Rxf7 a2 39. Rxf8#
{Normal} 1-0

[Event "Rated Blitz game"]
[Site "?"]
[Date "2021.01.07"]
[Round "?"]
[White "Creep30"]
[Black "Jomajo"]
[Result "1-0"]
[WhiteElo "2781"]
[BlackElo "2587"]
[PlyCount "81"]
[EventDate "2021.??.??"]
[EventType "blitz"]

1. e4 e5 2. Nf3 d5 3. d4 dxe4 4. Nxe5 Bd6 5. Bc4 Bxe5 6. Qh5 Qf6 7. dxe5 Qg6 8.
Qxg6 hxg6 9. Nc3 Rh5 10. Nd5 Kd8 11. Bf4 Be6 12. O-O-O Nd7 13. Be2 Rf5 14. g4
Rxf4 15. Nxf4 Ke7 16. Nxe6 fxe6 17. f4 exf3 18. Bxf3 Nxe5 19. Bxb7 Rb8 20. Rhe1
Nxg4 21. Bf3 Nxh2 22. Be2 Nf6 23. Rg1 Rb4 24. Rxg6 Re4 25. Rxg7+ Kf8 26. Rg2
Nhg4 27. Rf1 Ke7 28. Bf3 Rf4 29. Be2 Re4 30. Bxg4 Nxg4 31. b3 c5 32. Rfg1 Nf6
33. Rg7+ Kd6 34. Rxa7 c4 35. Rd1+ Ke5 36. Ra5+ Nd5 37. Rc5 cxb3 38. axb3 Kd6
39. Rc4 Re2 40. Rd2 Re3 41. Kb2 {Normal} 1-0

[Event "Rated Blitz game"]
[Site "?"]
[Date "2021.01.07"]
[Round "?"]
[White "Starazagora"]
[Black "CzechProphylaxis"]
[Result "1-0"]
[WhiteElo "2418"]
[BlackElo "2385"]
[PlyCount "129"]
[EventDate "2021.??.??"]
[EventType "blitz"]

1. e4 e5 2. Nf3 d5 3. d3 dxe4 4. dxe4 Qxd1+ 5. Kxd1 Nf6 6. Bd3 Ng4 7. Ke2 Bc5
8. Rf1 Nc6 9. h3 Nf6 10. Bg5 Nd7 11. Nbd2 f6 12. Be3 Bxe3 13. Kxe3 Nc5 14. Bb5
Bd7 15. Bxc6 Bxc6 16. b4 Ne6 17. c4 Nf4 18. g3 Ne6 19. b5 Bd7 20. Nb3 b6 21.
Rfd1 O-O-O 22. a4 Kb8 23. a5 Bc8 24. a6 g5 25. Ng1 h5 26. Ne2 Ng7 27. h4 Be6
28. Rxd8+ Rxd8 29. Rc1 Bg4 30. f3 Be6 31. Nd2 Bf7 32. Nc3 Rd4 33. Nd5 Bxd5 34.
cxd5 Rb4 35. Rc6 gxh4 36. gxh4 Ne8 37. Re6 Nd6 38. Rxf6 Rxb5 39. Rh6 Ra5 40.
Rxh5 Rxa6 41. Rh8+ Kb7 42. h5 Ra3+ 43. Ke2 Ra2 44. Ke1 Ra1+ 45. Kf2 Rh1 46. Kg2
Rh4 47. Kg3 Rh1 48. Kg2 Rh4 49. Kg3 Rh1 50. f4 exf4+ 51. Kxf4 a5 52. e5 Nf7 53.
Rh7 Nxe5 54. Kxe5 Kc8 55. Ne4 a4 56. Rh8+ Kd7 57. Nf6+ Ke7 58. Rh7+ Kf8 59.
Rxc7 a3 60. Ra7 Rh3 61. d6 b5 62. d7 Ke7 63. Ra8 Rd3 64. Re8+ Kf7 65. d8=Q {
Time forfeit} 1-0

[Event "Rated Rapid game"]
[Site "?"]
[Date "2021.01.07"]
[Round "?"]
[White "Ufo84"]
[Black "vitalirapidbel"]
[Result "0-1"]
[WhiteElo "2397"]
[BlackElo "2419"]
[PlyCount "62"]
[EventDate "2021.??.??"]
[EventType "rapid"]

1. e4 e5 2. Nf3 d5 3. Nc3 d4 4. Ne2 d3 5. cxd3 Nc6 6. Nc3 Bc5 7. a3 a5 8. Be2
Nf6 9. O-O O-O 10. b3 Bg4 11. Bb2 Bxf3 12. Bxf3 Qxd3 13. Be2 Qd7 14. d3 Rad8
15. Kh1 Nd4 16. Na4 Ba7 17. f4 Nxe2 18. Qxe2 Qxd3 19. Qxd3 Rxd3 20. Bxe5 Nxe4
21. g3 b5 22. Nb2 Rxb3 23. Rae1 f6 24. Rxe4 fxe5 25. Nd1 exf4 26. a4 b4 27.
gxf4 Rb1 28. Kg2 Rd8 29. Ne3 Rd2+ 30. Rf2 Rxf2+ 31. Kxf2 Rb3 {Normal} 0-1

[Event "Rated Blitz game"]
[Site "?"]
[Date "2021.01.07"]
[Round "?"]
[White "ShahxaibKhan"]
[Black "KamranShirazi"]
[Result "0-1"]
[WhiteElo "2345"]
[BlackElo "2467"]
[PlyCount "98"]
[EventDate "2021.??.??"]
[EventType "blitz"]

1. e4 e5 2. Nf3 d5 3. exd5 e4 4. Qe2 Nf6 5. Nc3 Be7 6. Nxe4 Nxd5 7. d4 O-O 8.
Be3 f5 9. Nc3 Bb4 10. O-O-O Bxc3 11. bxc3 Re8 12. Qc4 Be6 13. Ng5 Nxe3 14. Nxe6
Nxc4 15. Nxd8 Nd6 16. Nxb7 Nxb7 17. Bd3 Nd6 18. c4 c5 19. dxc5 Ne4 20. Rhf1 Nc6
21. f3 Nxc5 22. Bxf5 g6 23. Bh3 Rad8 24. Rd5 Na4 25. Bd7 Rxd7 26. Rxd7 Re2 27.
Rd2 Re3 28. Rfd1 Nc3 29. Rf1 Nxa2+ 30. Kb2 Nc3 31. Rd3 Na4+ 32. Ka3 Nb6 33. Kb3
Re2 34. c5 Na5+ 35. Kb4 Nbc4 36. Rc3 Rxg2 37. Rc1 Kf7 38. Rxc4 Nxc4 39. Kxc4
Rxh2 40. Kb5 Ke7 41. Kc6 Kd8 42. Kb7 Rd2 43. c6 Ke7 44. c7 Rd7 45. Kb8 Rd6 46.
c8=Q Rd7 47. Qxd7+ Kxd7 48. Ra1 Ke6 49. Rxa7 h5 {Time forfeit} 0-1